Leadership is an art

Gardado en:
Detalles Bibliográficos
Autor Principal: Pree, Max De
Formato: Libro
Idioma:Undetermined
Publicado: New York A Dell 1989
Những chủ đề:
Các nhãn: Engadir etiqueta
Sen Etiquetas, Sexa o primeiro en etiquetar este rexistro!
Thư viện lưu trữ: Trung tâm Học liệu Trường Đại học Cần Thơ
LEADER 00443nam a2200181Ia 4500
001 CTU_99535
008 210402s9999 xx 000 0 und d
082 |a 658.4 
082 |b P923 
100 |a Pree, Max De 
245 0 |a Leadership is an art 
245 0 |c Max De Pree 
260 |a New York 
260 |b A Dell 
260 |c 1989 
650 |a Leadership 
904 |i Tuyến 
980 |a Trung tâm Học liệu Trường Đại học Cần Thơ